Photosynthesis: Physical mechanisms and chemical patterns (Record no. 36985)

MARC details
000 -LEADER
fixed length control field 00701nam a2200241Ia 4500
082 ## - DEWEY DECIMAL CLASSIFICATION NUMBER
Classification number 581.132
Item number CLA
100 ## - MAIN ENTRY--AUTHOR NAME
Personal name CLAYTON, Roderick K
245 #0 - TITLE STATEMENT
Title Photosynthesis: Physical mechanisms and chemical patterns
260 ## - PUBLICATION, DISTRIBUTION, ETC. (IMPRINT)
Place of publication Cambridge
Name of publisher Cambridge University Press
Year of publication 1980
490 ## - SERIES STATEMENT
Series statement IUPAB biophysics series. 4
650 ## - SUBJECT ADDED ENTRY--TOPICAL TERM
Topical Term ATP
650 ## - SUBJECT ADDED ENTRY--TOPICAL TERM
Topical Term Chlorophyll spectroscopy
650 ## - SUBJECT ADDED ENTRY--TOPICAL TERM
Topical Term CO2 assimilation
650 ## - SUBJECT ADDED ENTRY--TOPICAL TERM
Topical Term Digression
650 ## - SUBJECT ADDED ENTRY--TOPICAL TERM
Topical Term Oxygen evolution
650 ## - SUBJECT ADDED ENTRY--TOPICAL TERM
Topical Term Photobiology
650 ## - SUBJECT ADDED ENTRY--TOPICAL TERM
Topical Term Photosynthesis
650 ## - SUBJECT ADDED ENTRY--TOPICAL TERM
Topical Term Photosynthetic oxygen evolution
650 ## - SUBJECT ADDED ENTRY--TOPICAL TERM
Topical Term Pigment
650 ## - SUBJECT ADDED ENTRY--TOPICAL TERM
Topical Term Secondary electron transport
942 ## - ADDED ENTRY ELEMENTS (KOHA)
Koha item type Books
Holdings
Withdrawn status Lost status Damaged status Not for loan Home library Current library Date acquired Full call number Accession Number Koha item type
        RRII Library RRII Library 16/12/2021 581.132 CLA 17377 Books